000 00987nam a22003017a 4500
001 9465
003 FISKH
005 20260113154548.0
008 260113b cb ||||| |||| 00| 0 eng d
020 _a9780545495592
040 _aFISKH
_beng
_cFISKH
_dFISKH
050 _aPZ7.M7682 C
082 _a424
100 _aRockliff, Mara
_eAuthor
245 _aThe case of the hunted house /
_cby Lewis B. Montgomery ; illustrated by Amy Wummer
260 _aNew York :
_bScholastic Inc. ,
_c2009
300 _a96 pages :
_billustrations ;
_c20 cm
490 _aThe Milo & Jazz mysteries
_v3
505 _aJ
520 _aAmateur detectives Milo and Jazz try to figure out if the haunted house they are building for the school fair has a real ghost.
521 8 _a500
_bLexile
521 8 _aJ
_bRaz-Plus
650 _aAmateur detective
_vAutumn
650 _aSchool projects
_vHaunted houses
700 _aWummer, Amy
_eIllustrator
942 _2ddc
_cBK
_n0
999 _c9465
_d9465